000
00321nam a22001337a 4500
008
260317b |||||||| |||| 00| 0 eng d
020
_a
9788119613083
040
_a
02
100
_a
GADGIL,GAURAV G.
245
_a
A CONCISE BOOK OF BIOCHEMISTRY
260
_a
NEW DELHI
_b
IP INOVATIVE
_c
2024
300
_a
88
942
_c
01
999
_c
67285
_d
67285